000 00431pab a2200169 454500
008 180718b2007 xxu||||| |||| 00| 0 eng d
100 _aNachane, Dilip M.
245 _aTwo decades of structural reforms in India: a balance sheet
260 _c2007
300 _ap.163-202.
362 _aSep-Dec
650 _aEconomic reform - India
650 _aEconomic reform
773 _aArtha Vijnana
908 _aN
909 _a78701
999 _c78701
_d78701